[Event "Rubinstein Memorial 33rd"]
[Site "Polanica Zdroj"]
[Date "1996.??.??"]
[Round "2"]
[White "Nikolic, Predrag"]
[Black "Hracek, Zbynek"]
[Result "1-0"]
[WhiteElo "2670"]
[BlackElo "2625"]
[Annotator "Dautov,R"]
[PlyCount "49"]
[EventDate "1996.08.15"]
[EventType "tourn"]
[EventRounds "11"]
[EventCountry "POL"]
[EventCategory "15"]
[SourceTitle "CBM 055"]
[Source "ChessBase"]
[SourceDate "1996.12.01"]
[SourceVersion "1"]
[SourceVersionDate "1996.12.01"]
[SourceQuality "1"]

1. d4 {Tsesarsky} Nf6 2. c4 e6 3. Nf3 b6 4. g3 Ba6 5. Qa4 Bb7 6. Bg2 c5 7. O-O
cxd4 8. Nxd4 Bxg2 9. Kxg2 Qc8 10. Rd1 (10. Bf4 {Tsesarsky} a6 11. Nc3 Qb7+ 12.
f3 Be7 13. Rfd1 O-O 14. Rd2 h6 15. Rad1 Rc8 16. e4 d6 17. Nde2 Ne8 18. e5 dxe5
19. Bxe5 Qc6 20. Qb3 Ra7 21. Ne4 Nd7 22. Bc3 $13 {1/2-1/2 Piket,J-Karpov,A/
Amber rapid 1993 (73)}) 10... Bc5 $6 (10... Be7 {>=} 11. Nc3 O-O (11... a6) 12.
Bg5 h6 13. Bxf6 Bxf6 14. Rac1 Be7 15. e4 Nc6 16. Nxc6 dxc6 $10 {
Tunik-Schneider,A/Podolsk GMA-qual/1989} (16... dxc6 {Tsesarsky} 17. Rd3 Qc7
18. Rcd1 Rfd8 $10 {1-0 Tunik,G-Shneider,A/Podolsk GMA-qual ;EXT 89 1989 (39)}))
(10... Nc6 {Tsesarsky} 11. Nxc6 Qxc6+ 12. Qxc6 dxc6 13. Bf4 Be7 14. Nd2 O-O-O
15. Nf3 Nd7 16. Rab1 Rhe8 17. b4 f6 18. Bd6 {1/2-1/2 Kortschnoj,V-Keres,P/
Luhacovice (12) ;MCL 02 1969}) (10... Na6 {Tsesarsky} 11. Nc3 Nc5 12. Qc2 a6
13. Bg5 Be7 14. Rac1 d6 15. Bxf6 Bxf6 16. b4 Bxd4 17. Rxd4 Nb7 18. Ne4 Qc6 19.
b5 Qc7 20. Qd2 $16 {1-0 Inkiov,V-Ostenstad,B/Gausdal PG ;EXT 88op 1988 (38)})
11. Nc3 Qb7+ (11... O-O {Tsesarsky} 12. Nf3 $6 (12. Bg5 $14) 12... Qb7 13. Bf4
Nc6 14. Bd6 Bxd6 15. Rxd6 Ne5 16. Qb5 Nxf3 17. exf3 Rac8 18. Qa4 Rc5 19. Nb5 {
1/2-1/2 Bobotsov,M-Keres,P/Sofia 8/526 1969}) 12. f3 O-O (12... a6 13. Bg5 Be7
14. Qb3 Nc6 15. Bxf6 gxf6 16. Nxc6 Qxc6 17. Rd4 Rg8 18. Rad1 Ra7 19. Ne4 $16 {
Nikolic,Pr-Nikolac/JUG/1984}) 13. Bg5 Rc8 (13... Be7 14. Ne4 (14. e4 h6 15. Be3
Nc6 $132) 14... Nxe4 (14... Rc8 15. Nxf6+ gxf6 16. Bh6 $14) 15. Bxe7 Re8 16.
Ba3 (16. Qa3 {Tsesarsky} d5 17. Bh4 Nc5 18. cxd5 $14) 16... Nc5 17. Qc2 $14 (
17. Bxc5 bxc5 18. Nb5 Rd8 $13)) 14. Bxf6 gxf6 15. Ne4 Be7 {/\f5} (15... Kg7 {
Tsesarsky} 16. Nb5 {[%cal Re4d6,Rb5d6,Yd1d6]}) 16. g4 $1 $14 h5 $2 (16... Nc6
$2 17. Nb5 $16) (16... a6 17. Rd2 Nc6 18. Nxc6 Rxc6 (18... dxc6 19. Rad1 $14)
19. Rad1 Rd8 20. Rd4 $14) (16... Qc7 {Tsesarsky} 17. b3 (17. Rac1 Qe5 $132)
17... Qe5 18. Rd3 $14 {[%cal Ga1d1]}) (16... a6 {Tsesarsky /\Nc6}) 17. Qb5 $1
Kg7 (17... hxg4 18. Qh5 (18. Kf2 $2 f5) 18... f5 (18... gxf3+ $2 19. Kf2 $18 {
/\Rg1}) (18... Rxc4 $2 19. Qxg4+ Kf8 20. Qh4 $16) (18... Nc6 $2 19. Qxg4+ Kf8
20. Qh4 Kg7 21. Nxc6 dxc6 22. Rg1 $18) 19. Ng5 (19. Nd6 $3 Bxd6 20. Nxf5 exf5
21. Rxd6 {White Queen must remain in H5!} gxf3+ (21... Rc6 22. Rad1 Rxd6 23.
Rxd6 $18) 22. Kf2 Qe4 23. Rg1+ Kf8 24. Qh8+ Ke7 25. Qf6+ Kf8 26. exf3 Qc2+ 27.
Kg3 f4+ 28. Qxf4 Qxc4 (28... Qh7 29. Rh6 Qg7+ 30. Kh3 Qxg1 31. Rh8+ $18) 29.
Qh6+ Ke8 30. Qh8+ Ke7 31. Qe5+ Kf8 (31... Kd8 32. Rh6 $1 $18) 32. Re1 $18)
19... Bxg5 20. Qxg5+ Kf8 (20... Kh7 $2 21. Nxf5 $1 (21. Kf2 Rxc4 22. Qh5+ $10)
21... exf5 22. Rd6 $1 (22. Qxf5+ $2 Kg8 23. Rd6 gxf3+ 24. exf3 (24. Kf2 Qc7 $1
$10) 24... Rc5 25. Rg6+ fxg6 26. Qxg6+ Kh8 27. Qh6+ Kg8 28. Qg6+ $10) 22... Rc6
$8 23. Qxf5+ Kh8 24. Rad1 gxf3+ 25. Kf2 Rxd6 $8 26. Rxd6 $18) 21. Nb5 (21. Qh6+
{Tsesarsky} Ke7 $8 {=} (21... Kg8 $4 22. h3 $1 {/\-> <-> G , H} Rxc4 23. hxg4
$18 {[%cal Gd1h1]})) (21. Nxf5 exf5 22. Rd6 Rc6 $10) 21... gxf3+ (21... Rxc4
22. Nd6 gxf3+ 23. Kf2 $16) 22. exf3 Rxc4 23. Qd8+ Kg7 24. Rg1 Kh7 25. Kf2 Qc8
26. Qg5 Qc5+ 27. Kf1 Rg4 28. Qh5+ Kg7 29. Rxg4+ fxg4 30. Qxc5 bxc5 31. Nc7 $18)
18. Ng3 $1 (18. Qxh5 d5 $1 (18... Rxc4 $2 19. g5 fxg5 20. Nxg5 Bxg5 21. Qxg5+
Kf8 22. Qd8+ Kg7 23. Kf2 $18) 19. cxd5 Rh8 20. Nf5+ exf5 21. Qxf5 $14) 18... h4
$5 (18... hxg4 19. Qh5 Rc5 (19... gxf3+ $2 20. Kh3 (20. exf3 {Tsesarsky} Rc5
21. Ngf5+ Rxf5 22. Nxf5+ exf5 23. Kh1 Bc5 24. Rg1+ Bxg1 25. Rxg1+ Kf8 26. Re1
Kg7 27. Re7 $18) 20... Rg8 (20... Rc5 21. Ngf5+) 21. Ngf5+ Kf8 22. Rg1 $18) 20.
Ndf5+ $1 (20. Qxg4+ Rg5 21. Qf4 Nc6 $132 {/\Rh8}) 20... exf5 21. Nxf5+ Rxf5 22.
Qxf5 gxf3+ 23. exf3 {/\Rd4->} Nc6 (23... Qc6 24. Rd4 Qe6 25. Rg4+ Kf8 26. Qh7
$40) 24. Rxd7 Qa6 25. Rc7 Qxc4 26. Qe4 $1 Qxe4 27. fxe4 $16) (18... Rc5 {
Tsesarsky} 19. Nxh5+ $16) 19. Nh5+ Kg8 20. Qb3 $16 {/\Qe3-h6} Qc7 21. Qd3 (21.
Qe3 Qe5 22. Qh6 $2 Qg5 $10) 21... Na6 (21... Qxc4 $2 {Tsesarsky} 22. Qe3 Rc5
23. Rac1 $18 (23. Qh6)) (21... Nc6 {Tsesarsky} 22. Nb5 (22. Nxc6 dxc6 23. Qd4
Qe5 24. Qxe5 fxe5 25. Rd7 Kf8 $14) 22... Qe5 23. f4 Qc5 (23... Qxb2 24. Rdb1
$18) 24. Nd6 $16) 22. Rac1 (22. Qd2 Qe5) 22... Nc5 $2 (22... Qe5 23. f4 Qc7 24.
Qf3 $16 {><h4}) (22... Nb4 {>=} 23. Qd2 Qe5 (23... f5 {Tsesarsky} 24. Qh6 (24.
gxf5 Qe5 25. a3 Nc6 26. Kh1 Kh7 27. e4 $16) 24... Qe5 25. gxf5 {[%cal Gd1g1]}
Qh8 $8 26. Qxh8+ Kxh8 27. a3 Nc6 28. f6 Bc5 29. Nxc6 dxc6 30. Rd7 $18) 24. a3
Nc6) 23. Qd2 Qe5 $2 (23... Kh7 $8 24. b4 (24. Qe1 f5 25. gxf5 Rg8+ 26. Kh1 Qe5
$13) 24... Na6 (24... Nb7 $2 25. Nb5 Qe5 26. Qc2+ $16 {/\Rd7}) 25. a3 $16) 24.
b4 Na6 25. Nf5 $1 $18 (25. Nf5 Bxb4 (25... exf5 26. Qh6 Qxe2+ 27. Kg1 $18) (
25... Bf8 26. Nh6+ Kh7 27. Nxf7 $18) 26. Qh6 Qxe2+ 27. Kg1 Bc5+ 28. Nd4 $18)
1-0

[Event "Biel"]
[Site "Biel"]
[Date "1986.07.28"]
[Round "8"]
[White "Polugaevsky, Lev"]
[Black "Hort, Vlastimil"]
[Result "1/2-1/2"]
[WhiteElo "2575"]
[BlackElo "2545"]
[Annotator "Dolmatov,S"]
[PlyCount "43"]
[EventDate "1986.07.20"]
[EventType "tourn"]
[EventRounds "11"]
[EventCountry "SUI"]
[EventCategory "12"]
[SourceTitle "MCL"]
[Source "ChessBase"]
[SourceDate "1999.07.01"]
[SourceVersion "1"]
[SourceVersionDate "1999.07.01"]
[SourceQuality "1"]

1. d4 Nf6 2. c4 e6 3. Nf3 b6 4. g3 Ba6 5. b3 Bb7 6. Bg2 Bb4+ 7. Bd2 a5 8. O-O
O-O 9. Qc2 Qe7 (9... c5 10. dxc5 Bxc5 11. Nc3 d5 12. cxd5 exd5 13. Rad1 Na6 14.
Qb1 $14 {Nikolic,Pr-Kortschnoj,V/Tilburg/1987/}) 10. Bg5 h6 11. Bxf6 Qxf6 12.
e4 a4 13. bxa4 Nc6 14. Rd1 (14. a3 $2 Nxd4 15. Nxd4 Qxd4 16. axb4 Qxa1 17. Nc3
Qa3 $17) 14... e5 15. a3 Ba5 (15... Bd6 $5 16. d5 (16. Nc3 exd4 (16... Nxd4 17.
Nxd4 exd4 18. e5 Qxe5 19. Bxb7 Rab8)) 16... Na5 $44) 16. d5 Nb8 17. Nbd2 (17.
c5 bxc5 18. Qxc5 Bb6 19. Qc2 Na6 20. Nbd2 Nc5 $132) 17... d6 18. c5 $1 bxc5 (
18... Bxd2 19. Nxd2 (19. c6 $6 Bxc6 20. Rxd2 Bxa4 21. Qxc7 Nd7 $10) 19... dxc5
20. Nc4 Nd7 $14) 19. Rab1 Ba6 20. Nb3 Bb6 21. a5 Ba7 22. Nbd2 1/2-1/2

[Event "RUS-chT 03rd"]
[Site "Kazan"]
[Date "1995.??.??"]
[Round "3"]
[White "Zakharevich, Igor"]
[Black "Makarichev, Sergey"]
[Result "1-0"]
[WhiteElo "2430"]
[BlackElo "2540"]
[Annotator "Dolmatov,S"]
[PlyCount "67"]
[EventDate "1995.??.??"]
[EventType "team-tourn"]
[EventRounds "9"]
[EventCountry "RUS"]
[SourceTitle "CBM 051"]
[Source "ChessBase"]
[SourceDate "1996.04.01"]
[SourceVersion "1"]
[SourceVersionDate "1996.04.01"]
[SourceQuality "1"]
[WhiteTeam "Cherepovets Severstal"]
[BlackTeam "Moscow CSKA"]
[WhiteTeamCountry "RUS"]
[BlackTeamCountry "RUS"]

1. d4 Nf6 2. c4 e6 3. Nf3 Bb4+ 4. Bd2 a5 5. g3 O-O 6. Bg2 b6 (6... d6 7. O-O
Nbd7 8. Qc2 e5 9. Nc3 Re8 $14) 7. O-O Ba6 (7... Bb7) 8. Qc2 (8. Ne5 Ra7 9. Bxb4
axb4 10. a3 d6 11. axb4 dxe5 12. dxe5 Ng4 13. b5 Nxe5 14. b3 Qe7 15. Qd4 f6 16.
bxa6 Rd8 17. Qe3 Rxa6 $10) 8... c5 (8... d5 9. Bxb4 axb4 10. Nbd2 Bb7 11. Rfc1
Nc6 12. e3 Ra7 $14 {Savon,V-Romanishin,O/Lvov/1978/}) 9. Rd1 (9. Bg5 cxd4 10.
Nxd4 Ra7 11. a3 Be7) 9... d5 $2 (9... Bxd2 $5 10. Nbxd2 Nc6 11. dxc5 bxc5 $10)
(9... cxd4 10. Nxd4 Ra7 11. Bxb4 axb4 12. Qa4 Rc7) 10. Bg5 cxd4 (10... Bxc4 $2
11. a3 $16) 11. cxd5 Qc8 $6 (11... d3 12. exd3 exd5 13. Nc3 $14) (11... exd5
12. Nxd4 $16) 12. Qxc8 Rxc8 13. dxe6 $16 Bxe2 14. Nxd4 Bxd1 15. exf7+ Kxf7 16.
Bxa8 Nbd7 17. Bg2 Bc5 18. Nc3 $1 (18. Nb3 Bxb3 19. axb3 Ng4 $14) 18... Bxd4 19.
Rxd1 Bxc3 20. bxc3 (20. Rc1 $4 Rc5 21. Be3 Bxb2 $19) 20... Rxc3 21. Bf1 a4 (
21... Ne5 22. Be3 Ra3 23. Bxb6 Rxa2 24. Bd4 Nfd7 25. Bg2 $16) 22. Bd2 Rc2 23.
Bd3 Rc7 24. Bb5 $18 Nc5 25. Bb4 Nfe4 26. f3 Ng5 27. Kf2 Nge6 28. Rd6 Nb7 29.
Rxb6 Rc2+ 30. Ke3 Nbc5 31. a3 g5 32. Rc6 h6 33. Bxa4 Ra2 34. Bb5 1-0

[Event "Novgorod op"]
[Site "Novgorod"]
[Date "1995.??.??"]
[Round "9"]
[White "Volkov, Sergey"]
[Black "Tunik, Gennady"]
[Result "1-0"]
[WhiteElo "2380"]
[BlackElo "2530"]
[Annotator "Dolmatov,S"]
[PlyCount "71"]
[EventDate "1995.05.??"]
[EventType "swiss"]
[EventRounds "9"]
[EventCountry "RUS"]
[SourceTitle "EXT 2000"]
[Source "ChessBase"]
[SourceDate "1999.11.16"]
[SourceVersion "1"]
[SourceVersionDate "1999.11.16"]
[SourceQuality "1"]

1. d4 Nf6 2. c4 e6 3. Nf3 b6 4. g3 Ba6 5. Qa4 Bb7 6. Bg2 c5 7. O-O (7. dxc5
Bxc5 8. O-O O-O 9. Nc3 Be7 10. Bf4 Na6 11. Rad1 Nc5 12. Qc2 Qc8 13. Nb5 Nce4
14. Nfd4 a6 15. Nc7 Ra7 16. f3 g5 $13 {Dlugy,M-Adorjan,A/New York/1987/}) 7...
cxd4 8. Nxd4 Bxg2 9. Kxg2 Qc7 10. Rd1 Be7 11. f3 a6 12. Nc3 O-O (12... Qb7 $5
13. Bf4 O-O 14. Rd2 Rc8 15. Rad1 Nc6 16. Nxc6 Qxc6 17. e4 b5 $10 {Nikolic,
P-Browne,W/Reykjavik/1986/ Inf 41/622/}) 13. Ndb5 $5 (13. Bg5 Rc8 14. Rac1 d6
15. Bxf6 gxf6 16. Nd5 $44) 13... Qc5 (13... axb5 $5 14. Qxa8 Nc6 (14... bxc4 $5
15. Qa4 d5 $44) 15. Bf4 $1 (15. Nxb5 $2 Qe5 16. Qa4 Qxe2+ $40) 15... e5 $8 16.
Nxb5 Rxa8 17. Nxc7 Rc8 18. Nd5 exf4 $16) (13... Qc6 14. Nd6 Bxd6 15. Qxc6 Nxc6
16. Rxd6 Rfd8 17. b3 $14) 14. Bf4 e5 (14... axb5 15. Qxa8 Nc6 16. Qa6 bxc4 17.
Na4 Qb4 18. a3 Qb3 19. Rdc1 $14) 15. Bg5 Rc8 $2 (15... e4 $8 16. Bxf6 exf3+ 17.
exf3 Bxf6 18. Ne4 Qc6 19. Nxf6+ Qxf6 20. Nc3 Nc6 $14) 16. Bxf6 Bxf6 17. Nd6 $16
Rf8 18. Nde4 $1 Qc6 19. Rd6 Qxa4 20. Nxf6+ gxf6 21. Nxa4 b5 22. Nb6 Ra7 23.
Rxf6 Rc7 24. b3 $18 Re8 25. Nd5 Rc5 26. Rb6 Kg7 27. Ne3 e4 28. f4 Rec8 29. cxb5
(29. b4 Rxc4 30. Nxc4 bxc4 31. Rd6 $18) 29... Rxb5 30. Rd6 Rc3 31. Kf2 Kf8 32.
Rad1 Ra5 33. R1d2 Rc1 34. Nc4 Rh5 35. h4 a5 36. Rb6 1-0

[Event "Biel"]
[Site "Biel"]
[Date "1986.07.22"]
[Round "3"]
[White "Polugaevsky, Lev"]
[Black "Huebner, Robert"]
[Result "1/2-1/2"]
[WhiteElo "2575"]
[BlackElo "2620"]
[Annotator "Dolmatov,S"]
[PlyCount "30"]
[EventDate "1986.07.20"]
[EventType "tourn"]
[EventRounds "11"]
[EventCountry "SUI"]
[EventCategory "12"]
[SourceTitle "MCL"]
[Source "ChessBase"]
[SourceDate "1999.07.01"]
[SourceVersion "1"]
[SourceVersionDate "1999.07.01"]
[SourceQuality "1"]

1. d4 Nf6 2. c4 e6 3. Nf3 b6 4. g3 Ba6 5. b3 Bb7 6. Bg2 Bb4+ 7. Bd2 a5 8. O-O
O-O 9. Bf4 (9. Bg5 a4 10. bxa4 h6 11. Bxf6 Qxf6 12. a3 Ba5 13. e3 c5 14. Ra2
Ra7 15. Ne5 cxd4 $15 {Petursson,M-Polugaevsky,L/Reykjavik/1987/0:1/34/}) 9...
d5 (9... a4 $5) 10. Nbd2 c5 11. Rc1 Nc6 12. dxc5 Bxc5 (12... bxc5 $5 13. Nb1 a4
$132) 13. Ne5 Rc8 14. Nxc6 Bxc6 15. e3 $10 Qe7 1/2-1/2

[Event "CZE-chT 1617"]
[Site "Czech Republic"]
[Date "2016.12.11"]
[Round "4.3"]
[White "Dragun, Kamil"]
[Black "Bernasek, Jan"]
[Result "1/2-1/2"]
[WhiteElo "2618"]
[BlackElo "2507"]
[Annotator "Dragun/Macieja"]
[PlyCount "113"]
[EventDate "2016.10.08"]
[EventType "team-tourn"]
[EventRounds "11"]
[EventCountry "CZE"]
[SourceTitle "CBM 178"]
[Source "ChessBase"]
[SourceDate "2017.05.14"]
[SourceVersion "1"]
[SourceVersionDate "2017.05.14"]
[SourceQuality "1"]
[WhiteTeam "Pardubice"]
[BlackTeam "Unichess"]
[WhiteTeamCountry "CZE"]
[BlackTeamCountry "CZE"]

1. d4 Nf6 2. c4 e6 3. Nf3 b6 4. g3 Ba6 5. Qb3 Nc6 6. Nbd2 Na5 7. Qa4 Bb7 8. Bg2
Be7 $6 {This move gives White additional options. During the game I thought it
wasn't beneficial to play 9.b4, but I was wrong.} (8... c5 9. dxc5 bxc5 10. O-O
Be7) 9. O-O (9. b4 $1 Nc6 (9... Bc6 $6 10. Qa3 Bb7 (10... Nb7 11. Qb2 $5 {
Not natural, but very concrete.} (11. Qc3 Ne4 12. Qc2 Nxd2 13. Bxd2 Nd6 14. O-O
$14) 11... Ne4 $4 (11... Nd6 12. O-O $14) 12. Ne5 $1 {[%csl Gb2]} Nxd2 13. Nxc6
dxc6 14. Bxc6+ Kf8 15. Bxd2 $18) 11. Qc3 Nc6 12. a3 O-O 13. O-O $14) 10. Ne5
O-O 11. O-O Qc8 12. Nxc6 dxc6 13. c5 a5 14. bxa5 Rxa5 15. Qc2 $14 {[%cal Gd2b3]
}) 9... c5 10. dxc5 bxc5 (10... Bxc5 $6 {is dubious:} 11. b4 Bc6 12. Qa3 Be7
13. Qc3 (13. e4 $5 Nb7 (13... Nxe4 14. Nxe4 Bxe4 15. Qe3 Bf6 16. bxa5 $16) 14.
Nd4 $16) 13... Nb7 14. b5 Bxf3 15. Qxf3 Rb8 16. Bb2 O-O 17. Nb3 Nc5 18. Nxc5
Bxc5 19. e4 d6 20. e5 dxe5 21. Bxe5 $14) 11. Ne5 Bxg2 12. Kxg2 O-O 13. Ndf3 Qc7
$6 {I don't like this move, because Black should first make the white knight
move away, and only then decide where to develop the queen.} (13... d6 14. Bd2
$5 dxe5 15. Bxa5 Qb8 16. Bc3 e4 17. Ne5 Bd6 18. Nc6 Qc7 19. Rad1 Rfc8 20. Na5 (
20. Bxf6 gxf6 21. Na5 Rab8 22. Rd2 Rb4 23. Qd1 Be5 24. Nb3 $11) 20... Be5 21.
Qc2 Bxc3 22. Qxc3 $11) 14. Rd1 d6 15. Bd2 Nb7 {Now, because of Qc7, Black has
to evacuate his knight. It gives White at least a visual advantage.} (15...
dxe5 $2 16. Bxa5 Qb7 17. Bc3 e4 18. Ne5 $16) 16. Nc6 (16. Qc6 Rfc8 17. Qxc7
Rxc7 18. Nd3 Nd8 $11) 16... Rfc8 (16... Ne4 17. Nxe7+ Qxe7 18. Be3 f5 19. Nd2
Nf6 (19... Nxd2 20. Bxd2 (20. Rxd2 $6 e5 21. f3 f4 22. Bf2 e4) 20... e5 21. Qc6
f4 22. Qd5+ Rf7 23. f3) 20. Bg5) 17. Nxe7+ Qxe7 18. Bg5 Qd7 $1 (18... h6 19.
Bxf6 Qxf6 20. Rd2 $14 {[%csl Rd6] During the game I evaluated that my position
should be slightly better due to the weak d6-pawn.}) 19. Qxd7 (19. Qc2 Ne8 20.
Bd2 Qc6 21. Bc3 e5 22. Kg1 Nd8 23. Ng5 $1 Nf6 24. f4 $1 h6 25. Nf3 Ng4 26. Qd2
$13 {with interesting play for both sides.}) 19... Nxd7 20. Nd2 Nb6 21. Rac1
Rc6 ({I was a bit afraid of} 21... d5 $5 {due to insecure position of the
bishop.} 22. cxd5 exd5 23. Bf4 Re8 24. e3 f6 (24... c4 $5 25. b4 $1 {A great
move that doesn't allow the Nb7 to enter the game.} Na4 (25... a5 26. Bc7 Na4
27. b5 Nbc5 28. Nb1 Nd3 29. Rxd3 $1 cxd3 30. b6 $16) 26. Nb1 Rad8 27. Nc3) 25.
Nb1 Rac8 26. h4) 22. e4 {Now I was sure the game would develop according to my
plan. Unfortunately, it is still difficult to win, as the position is closed.}
a5 23. Nb1 $1 a4 24. Na3 {[%csl Ga3] The knight is now blocking the whole of
Black's counterplay.} Na5 25. Bd2 (25. Rd3 f6 26. Bf4 e5 27. Bd2 Kf7 28. f4 Ke7
29. b3 axb3 30. axb3 Nb7 31. Nb5 Ra2 32. Kf3) 25... Kf8 26. f4 Ke7 27. Be3 Rb8
28. Bd2 Ra8 29. Rc2 {White doesn't have to hurry, Black cannot improve the
position.} f6 30. g4 e5 31. f5 Rcc8 {[%cal Ga5c6,Gc6d4]} (31... Nb7 $6 {
Black is not in time to get to d4 with the knight.} 32. g5 Rcc8 33. Nb5 Nd8 34.
Be3) 32. Bxa5 $1 Rxa5 33. h4 h6 34. Kf3 Rd8 35. Ke3 {It was possible to play
g5 immediately, but I didn't want to give my opponent additional possibilities.
} (35. g5 hxg5 36. hxg5 Rh8 (36... Kd7 37. gxf6 gxf6 38. Rg2) 37. Rcd2 d5 $5 (
37... Rh3+ $4 38. Kg2 Rxa3 39. Rxd6 $1 $18) (37... Nc8 38. Nb5 Ra6 39. gxf6+
gxf6 40. Rg1) 38. gxf6+ gxf6 39. cxd5 Rh3+ 40. Kg2 (40. Kf2 Ra8 41. Rg1 Rah8
42. Rg7+ Kd8 43. Rg4 $14) 40... Rh4 41. Rh1 Rxh1 42. Kxh1 Nc8 43. Nc4) 35...
Kd7 36. Rh2 Kc6 (36... Rh8 37. Rdh1 Raa8 38. g5) 37. g5 hxg5 38. hxg5 Raa8 39.
g6 $2 {Looks very natural and logical, as the black knight will not be able to
defend the g7-pawn quickly. However after the position gets closed, White will
not have a way to win. 39.gxf6 looked promising, giving more space to the
white rooks.} (39. gxf6 $1 gxf6 40. Rh6 $1 (40. Rh7 Rd7) 40... Rf8 (40... Rh8
41. Rxf6 Rh3+ 42. Kf2 Rd8 43. Rg6 Rh2+ 44. Rg2 Rh4 45. Ke3 $14) 41. Rh7 Rac8 (
41... Rh8 $4 42. Rxd6+ $1 Kxd6 43. Nb5+ Kc6 44. Rc7#) (41... Rfd8 42. Rf7 Rd7
43. Rxf6 Rh8 44. Rg6 $14) (41... Rad8 42. b3 axb3 43. axb3 Rd7 44. Rxd7 Kxd7
45. Nb5 Nc8 46. Rh1 Rf7 47. Rh8 $16) 42. Rdh1 Rg8 43. Kf3 Rc7 44. Rxc7+ Kxc7
45. Rh6 Rf8 46. b3 $14) 39... Rh8 40. Rdh1 Rhg8 41. Kd3 Rab8 42. Kc3 Na8 $1 43.
Nc2 Nc7 {[%csl Gc7,Gg7][%cal Gc7e8]} 44. Ne3 Ra8 45. Rh7 Rab8 46. b3 {The only
test; however, it's a small one.} axb3 47. axb3 Ra8 48. Kb2 Kb6 49. Ra1 Rxa1
50. Kxa1 Kc6 51. Kb2 Kb6 52. Kc3 Kc6 53. Nf1 Kb6 54. Ng3 Kc6 55. Nh5 Ne8 56.
Ng3 Nc7 57. Nh5 1/2-1/2

[Event "Biel MTO op 45th"]
[Site "Biel"]
[Date "2012.07.31"]
[Round "8"]
[White "Edouard, Romain"]
[Black "Harikrishna, Pentala"]
[Result "1-0"]
[WhiteElo "2646"]
[BlackElo "2684"]
[Annotator "Edouard,R"]
[PlyCount "125"]
[EventDate "2012.07.23"]
[EventType "swiss"]
[EventRounds "11"]
[EventCountry "SUI"]
[SourceTitle "CBM 149 Extra"]
[Source "ChessBase"]
[SourceDate "2012.08.24"]
[SourceVersion "1"]
[SourceVersionDate "2012.08.24"]
[SourceQuality "1"]

1. d4 Nf6 2. c4 e6 3. Nf3 b6 4. g3 Ba6 5. Qa4 Bb7 6. Bg2 Be7 $5 {A rare but
interesting move.} (6... c5 {is the main line.}) (6... g6 $6 {was tried by
opponent earlier in the tournament.}) 7. O-O O-O 8. Rd1 $5 (8. Nc3 Ne4 $132)
8... Qc8 (8... d6 9. Nc3 Ne4 10. Qc2 Nxc3 11. Qxc3 $36 (11. bxc3 $5)) 9. Nc3
Ne4 10. Qc2 Nxc3 11. Qxc3 Be4 $5 12. Bg5 $5 (12. Bf4 $5) 12... f6 $5 (12...
Bxg5 13. Nxg5 Bxg2 14. Kxg2 $14) 13. Bf4 a5 $5 {White seems to be better, but
in fact the position is just not so clear.} 14. Ne1 (14. Qe3 $5 {was tempting,
but after} Bb7 15. Qd3 d6 16. Bh3 (16. e4 e5 $132) 16... f5 17. d5 Nd7 $1 {
Black is quite fine.}) (14. d5 e5 $132) 14... Bxg2 15. Nxg2 Qb7 16. Qc2 Na6 $5
(16... Nc6 $5) 17. e4 b5 $1 {The whole Black plan is quite weird but
definitely interesting - typical of Hari!} 18. d5 e5 19. Be3 bxc4 20. Qxc4 Bd6
21. b3 $6 {A weakening and not very useful move, which I played too fast since
both my opponent and I already had not so much time on the clock.} (21. Ne1 $1
{was necessary, while} Qxb2 $4 {would lose to} 22. Rab1 Qa3 23. Nc2 $18) 21...
Qb4 {Now Black has solved all his problems.} 22. Rdc1 (22. Qc2 $5) 22... Qxc4
23. Rxc4 f5 $1 24. Bd2 Nb4 (24... Nc5 {was more natural, but after something
like} 25. exf5 Rxf5 26. Ne3 Rf3 27. Kg2 Raf8 28. Nd1 $1 Nd3 29. Bxa5 Nxf2 30.
Bxc7 {the position is equal.}) 25. Bxb4 axb4 26. exf5 Rxf5 27. Ne3 Rff8 28. Rc2
Ra5 29. Rd1 $1 {Just in time!} Re8 $6 (29... Rfa8 30. Rdd2 {and White is OK,
but probably nothing more.}) 30. Nc4 Rc5 {I am not sure that the rook should
come here at any point at all.} 31. Re2 {Suddenly all the black pieces are
quite misplaced and Black's position start to be very difficult.} Bf8 $5 (31...
Kf7 32. Re4 $14) 32. f4 (32. Rxe5 $2 Rxe5 33. Nxe5 Rc2 $132) 32... e4 (32... d6
33. Kf2 {is very difficult for Black.}) 33. Kf2 $5 g6 (33... d6 34. Rd4 $18)
34. d6 $6 ({The natural} 34. Ne5 {was very strong:} Re7 (34... Bg7 35. Nxd7 Rc3
36. Ne5 Bxe5 37. Rxe4 Ra8 38. fxe5 Rxa2+ 39. Re2 {is probably winning for
White.}) 35. Rd4 Bg7 36. Rxb4 $1 {The move I missed.} Bxe5 37. Rbxe4 $18) 34...
cxd6 $2 (34... Re6 $1 35. dxc7 Rxc7 {would be not so clear due to the arrival
of the black ship on c5.}) 35. Nxd6 Bxd6 36. Rxd6 Re7 37. Ke3 $2 (37. Rd4 d5
38. Rxb4 Kf7 39. a4 {would be clearly better for White. However, Black keeps
some decent drawing chances due to his central pawns.}) 37... Kf7 38. Kd4 Rc1
39. Rd5 Rd1+ (39... d6 $8 40. Ke3 Rc3+ 41. Kf2 {was what I saw when I played
37.Re3, but I missed that Black can go} Ke6 $1 {and after} 42. Rxe4+ Kxd5 43.
Rxe7 Rc2+ {Black equalises since} 44. Re2 $4 Rxe2+ 45. Kxe2 Ke4 $1 {is just
winning for Black!}) 40. Kc4 Rf1 41. Kxb4 e3 42. a4 $5 (42. Rd3 Rf2 43. Rexe3
Rxe3 44. Rxe3 Rxa2 45. h4 {should also win.}) (42. Kc3 $5) 42... Rf2 43. Re1 d6
$6 (43... e2 44. Kc3 {doesn't change much.}) 44. Rd3 e2 45. Kc3 Rxh2 46. Kd2 h5
(46... Rg2 47. a5 {should win easily.}) 47. Rxd6 h4 48. gxh4 Rxh4 49. Rxe2 Rb7
50. Kc2 Rxf4 (50... Rh3 51. Rd3 Rxd3 52. Kxd3 Rxb3+ 53. Kc4 $18) 51. Red2 $6 {
Played instantly in order to keep some time for the more difficult moves later,
but I noticed immediately after playing that 51.Rh2 would have won the game
immediatly.} (51. Rh2 $1 Kg7 52. Rg2 Rf6 53. Rxf6 Kxf6 54. Kc3 $18 {White will
later give the rook up for the g-pawn and should be more than in time to
promote one - or two - queens!}) (51. Rg2 $4 Rf3 {is a draw.}) 51... g5 52. a5
Rb5 (52... g4 53. Rh2 $18) 53. a6 Ra5 54. R2d5 $5 Rf2+ (54... Ra2+ 55. Kb1 $5
Rff2 56. Rf5+ $18) 55. Kc3 Rxd5 56. Rxd5 Ra2 57. Rxg5 (57. Rd6 $18) 57... Rxa6
58. Re5 {The black king is definitely much too far away.} Kf6 59. Re8 Kf7 60.
Re4 Rc6+ 61. Kd4 Rb6 62. Kc4 Rc6+ 63. Kd5 1-0